| 000 | 00680nam a22001937a 4500 | ||
|---|---|---|---|
| 999 |
_c190943 _d190943 |
||
| 005 | 20220816110153.0 | ||
| 010 | _aUR-11670 | ||
| 020 |
_a9789393785190 _c117.00 |
||
| 035 | _aU-10225 | ||
| 037 |
_bDBAD/PUB _a- |
||
| 082 | _a328 | ||
| 100 | _aصید یقی صا یم الد ین | ||
| 245 |
_aبا ت سے با ت چلے : _bمجمو عہ رپور تاژ / _cصید یقی صا یم الد ین |
||
| 246 |
_aBaat Sey Baat Chaley / _bby Siddiqui Saimuddin |
||
| 260 |
_aNew Delhi _bEducational Publishing House _c2021 ء |
||
| 270 |
_aH.O. D1/16, Ansari Road, Darya Ganj _bNew Delhi _e110002 |
||
| 300 |
_a176 ص _c23cm(Hb) |
||
| 942 |
_2ddc _cUR _h328 _mص ی د |
||